| 000 | 00459nam a2200181 4500 | ||
|---|---|---|---|
| 001 | 25315 | ||
| 005 | 20230410103853.0 | ||
| 008 | 060907n2005 dr spa | ||
| 020 | _a1585424269 | ||
| 035 | _9funglode25506 | ||
| 041 | _aEN | ||
| 050 | 1 | 4 | _a414 DS 79.76 G545h 2005 |
| 100 | _aGlantz, Aaron | ||
| 245 | 1 |
_aHow America lost Iraq / _cAaron Glantz |
|
| 260 |
_aNew York : _bTarcher Penguin, _c2005 |
||
| 300 | _a303 p. | ||
| 942 |
_2lcc _cbk |
||
| 999 |
_c27460 _d27460 |
||